000 00358nam a2200145Ia 4500
008 230917s9999||||xx |||||||||||||| ||und||
040 _e145016
_aMAIN
041 _aEnglish
082 _a942 A 15E
100 _aAggarwal, Reeta
245 0 _aEngland ka Sanvaidhanik Vikas
260 _aMeerut
_bShishir Prakashan
_c1979
300 _a505p p.
942 _cBK
999 _c206758
_d206758